00614cam a22002054a 4500001001300000003000400013005001700017008004100034010001700075035001900092040001300111050002300124245004800147260006300195300002700258500001700285610002700302710006200329999001700391ne 65002225 DLC20260227111817.0750114s1965 ua a i000 0 eng  ane 65002225  a(OCoLC)1139700 aDLCcDLC00aDS36.2b.S526 196502aA short guide to the League of Arab States. a[Cairo] :bArab League Press and Information Dept.,c1965. a44 p. :bill. ;c21cm. aCover title.20aLeague of Arab States.2 aLeague of Arab States.bPress and Information Department. c48451d48451